Distorted World Map #1 - Statistics

General Stats
  • This quiz has been taken 43 times
  • The average score is 10 of 12
Answers on the Map
Answers color-coded by a green-red scale on the quiz's map according to % correct below.
 
Answer Stats
Answer % Correct
Argentina has partially absorbed Chile
94%
Chile has been partially absorbed by Argentina
94%
Japan and New Zealand have switched
94%
New Zealand and Japan have switched
94%
Cuba is in the wrong spot
91%
Cyprus is too large
91%
Indonesia is misshapen
88%
Madagascar is in the wrong spot
85%
South Africa has absorbed Lesotho and Eswatini
85%
Greenland has been flipped
79%
The USA is missing Florida
79%
Panama no longer connects to Columbia
53%
No matching quizzes found
Score Distribution
Percent of People with Each Score
Percentile by Number Answered
Your Score History
You have not taken this quiz